| 000 | 00547cam a22002172a 4500 | ||
|---|---|---|---|
| 001 | 013447 | ||
| 003 | AR-FADEU | ||
| 008 | 311216n1959####xxu####################dd | ||
| 092 |
_a928 _bP867 |
||
| 100 | _aPotter, G.R. | ||
| 245 | _aMacaulay | ||
| 260 | _aLondon | ||
| 260 | _bLongmans, Green | ||
| 260 | _c1959 | ||
| 300 | _a40 p. : il | ||
| 440 |
_aWriters and their work, bibliographical _n116 |
||
| 500 | _aIncludes bibliography | ||
| 650 | _aMACAULAY, THOMAS BABINGTON-BIOGRAFIA; BIOGRAFIAS | ||
| 546 | _aInglés | ||
| 942 | _cBDGR | ||
| 999 |
_c19214 _d19214 |
||